000 00641nam a22001697a 4500
003 UA-OsUOA
001 18317
007 ta
008 20040503b un ||||| |||| 00| 0 ukr d
942 _cSA
040 _aUA-OsUOA
_cUA-OsUOA
_dUA-OsUOA
245 _aТільки в українській пісні кожне слово гоїть
_b[Відкрито меморіал. дошку кобзарю А.Грицаю по вул. 16 липня м. Рівне. Скульптор М.Сівак]
300 _aС.22
955 _a0
773 0 _w0
_tВолинські відомості
_dРівне
_d2004
_gЧ.2/3
650 7 _aГрицай А.
_2UDC
999 _c304488
_d304488